| 000 | 00669nam a22002297a 4500 | ||
|---|---|---|---|
| 005 | 20170124110138.0 | ||
| 010 | _a723543 | ||
| 020 | _c00.00 | ||
| 035 | _a723543 | ||
| 037 | _bCen Lib/Ret | ||
| 040 |
_aDPL _bEN |
||
| 082 |
_a641.1 _bGHE |
||
| 100 |
_aGhei, Amar Nath _932619 |
||
| 245 |
_aText book of food and nutrition / _cby Amar Nath Ghei [and] P. Ghei |
||
| 260 |
_bSagar Publications _aNew Delhi _c1973 |
||
| 270 |
_bNew Delhi _aVed Mansion, 72 Janpath _e110001 |
||
| 300 |
_a268p. _c20cm(Hb) |
||
| 650 |
_aSocial medicine _992380 |
||
| 650 |
_aFood and nutrition _992381 |
||
| 700 |
_aGhei, P. _932622 |
||
| 942 |
_2ddc _cEN _h641.1 _mGHE |
||
| 999 |
_c131736 _d131736 |
||